000 02671cam a2200325 i 4500
001 17290521
003 ASAB
005 20180827062848.0
008 120508s2010 ii a b 001 0 eng
010 _a 2012392938
020 _a9788184487497 (hbk)
020 _a8184487495 (hbk)
040 _aDLC
_beng
_erda
_cASAB
042 _apcc
050 0 0 _aRC731
_b.B34 2010
082 0 0 _a616.2/4
_223
100 1 _aBehera, D.
_q(Digambar)
_eauthor.
_94104
245 1 0 _aTextbook of pulmonary medicine /
_cD. Behera, MD (Med), FCCP, FNCCP, FAMS, FICP, FICA, MNAMS(Med), Dip NBE(Resp Med), Professor, Department of Pulmonary Medicine, Postgraduate Institute of Medical Education and Research (PGIMER), Chandigarh, India, Director, LRS Institute of Tuberculosis and Respiratory Diseases, Sri Aurobindo Marg, New Delhi, India.
250 _aSecond edition.
300 _a2 volumes (1787 p., I-xxiv) :
_billustrations (chiefly color) ;
_c29 cm
500 _aPrevious edition: 1995.
504 _aIncludes bibliographical references and index.
505 0 _avolume 1. Physical Examination of the Respiratory System -- Common Respiratory Symptoms -- Growth, Development and Morphology of the Respiratory Tract -- Normal Respiratory Physiology -- Defence Mechanism in Respiratory System -- Diagnostic Methods in Lung Diseases -- Antimicrobial Agents -- Pneumonias -- Lung Abscess -- Bronchiectasis -- Tuberculosis -- Infection due to Nontuberculous Mycobacteria -- Fungal Infections of the Lung -- Parasitic Lung Diseases -- Bronchial Asthma -- volume 2. Chronic Obstructive Pulmonary Diseases -- Respiratory Failure -- Cor Pulmonale -- Pulmonary Embolism -- Acute Respiratory Distress Syndrome -- Interstitial Lung Diseases -- Lung Cancer -- Pulmonary Neoplasms other than Bronchogenic Carcinoma -- Sarcoidosis -- Pulmonary Vasculitides -- Lungs in Systemic Diseases -- Occupational and Environmental Lung Diseases -- Disorders of Pleura -- Mediastinal Diseases -- Disorders of the Diaphragm and Chest Wall -- Congenital Anomalies of the Respiratory System -- Lung Transplantation -- Pediatric Lung Diseases -- Critical Care in Pulmonary Medicine.
650 0 _aRespiratory organs
_xDiseases
_xPathophysiology.
_94105
650 0 _aCardiopulmonary system
_xDiseases
_xPathophysiology.
_94106
650 0 _aLungs
_xDiseases
_xPathophysiology.
_94107
906 _a7
_bcbc
_corigres
_d2
_encip
_f20
_gy-gencatlg
942 _2ddc
_cBK
999 _c480913
_d480913